Responses for Show #3155 - Friday, April 24, 1998

Contestants

[<< previous game]

Stephen Cutts, an engineer from Pasadena, California

Trudy Ring, an editor and writer from Burbank, California

Mary Ryan, an author and business owner from Seattle, Washington (whose 1-day cash winnings total $12,701)

[next game >>]

Jeopardy! Round responses

AROUND THE WORLD
UNDER THE COVERS
RIGHT HAND MEN
BETTER MOUSETRAPS
WHAT'LL YA HAVE?
"CHECK" PLEASE
    $100 5
Mount Everest

Mary
    $100 6
The Beatles

Mary
    $100 8
Pop!

Trudy
    $100 21
Bikini

Mary
    $100 1
Checkup

Trudy
    $200 17
Amazon

Mary
    $200 7
(Mary: What is the "Ninth Symphony"?)

"Come On Eileen"

Mary
    $200 12
Harry

Trudy
    $200 22
Thermos

Trudy
    $200 27
(Mary: What is a tequila sunrise?)

Margarita

MaryTrudy
    $200 2
The check's in the mail

Mary
    $300 18
Leaning Tower of Pisa

Stephen
    $300 9
Roberta Flack

Trudy
    $300 13
Nod

Trudy
    $300 23
(Alex: And we have a minute to go.)

Charles Goodyear

Stephen
    $300 26
Mint julep

Mary
    $300 3
Chubby Checker

Trudy
    $400 19
Aurora Borealis

Mary
    $400 10
Prince

Mary
    $400 14
Chance

Trudy
    $400 24
Clarence Birdseye

Mary
    $400 29
(Mary: What is a Black Russian?)
...
[The gong sound signals the end of the round.]
(Alex: That was a new time's-up signal for our show, ladies and gentlemen. We're practicing. We're hoping to have our program in China before the end of the year. We'll take a break and deal with our sound effects!)

White Russian

MaryTrudy
    $400 4
"Checkpoint Charlie"

Stephen
    $500 20
Great Barrier Reef

Mary
    $500 11
(Trudy: What is "Wild World"?)

"Peace Train"

Trudy
Triple Stumper
    $500 15
Abednego

Trudy
    $500 25
John Deere

Stephen
    $500 28
Gin fizz

Triple Stumper
    $500 16
Checks and balances

Stephen

Scores at the first commercial break (after clue 12):

Mary Trudy Stephen
$600 $500 $400

Scores at the end of the Jeopardy! Round:

Mary Trudy Stephen
$1,900 $2,500 $2,000

Double Jeopardy! Round responses

JAZZ NICKNAMES
FROM BEOWULF TO VIRGINIA WOOLF
MAY DAY! MAY DAY!
AND YOUR LITTLE DOG, TOO
NATURE
HOMOPHONES
    $200 3
Louis Armstrong

Trudy
    $200 1
Grendel

Mary
    $200 13
Toto

Trudy
    $200 20
Tsunami

Mary
    $200 9
Tie/Thai

Stephen
    $400 4
Cannonball

Mary
    $400 2
Geoffrey Chaucer

Trudy
    $400 14
Pluto

Mary
    $400 21
(T: What are stalagmites & stalagtites?)

Stalagmites & stalactites

Trudy
Triple Stumper
    $400 10
Peek/peak

Mary
    $600 8
Hot Lips

Stephen
    $600 5
"Paradise Lost"

Mary
    $2,000 15
Annie

Mary
    $600 23
Yeast

Mary
    $600 18
Blew/blue

Stephen
    $800 11
Cab Calloway

Trudy
    $800 6
"Ode on A Grecian Urn"

Triple Stumper
    $800 27
["God Bless America"]
[The regular end-of-round signal sounds.]
(Alex: I said "The singer heard here, he"; I should have said "The singer heard here was born"; sorry, Kate, even though you're out there somewhere, my apologies!)

Kate Smith

Trudy
    $800 16
Asta

Trudy
    $800 24
(Alex: With less than a minute to go.)

the Sun

Triple Stumper
    $800 19
Hart/heart

Mary
    $1000 12
Chick Corea

Trudy
    $1000 7
"A Room of One's Own"

Trudy
    $1000 26
London

Trudy
    $1000 17
Doris Duke

Trudy
    $1,000 25
Proboscis monkey

Mary
    $1000 22
Prophet/profit

Triple Stumper

Scores at the end of the Double Jeopardy! Round:

Mary Trudy Stephen
$8,500 $9,300 $3,400

[wagering suggestions for these scores]

Final Jeopardy! Round responses

ACTRESSES & ROLE
(Alex: Trudy, we'll see you in 3 weeks time; remember, the Celebrity Tournament here on Monday, until then, so long!)
StephenWho is Eliza Dool
$3,399
MaryWho is Molly Brown
$650
TrudyWho is the Unsinkable Molly Brown?
$7,701
("The Unsinkable") Molly Brown

Final scores:

Mary Trudy Stephen
$9,150 $17,001 $1
2nd place: Trip to Kauai Coconut Beach Hotel, Hawaii New champion: $17,001 3rd place: Trip on Amtrak's Coast Starlight between Los Angeles & Seattle

Game dynamics:

Coryat scores:

Mary Trudy Stephen
$7,300 $9,300 $3,400
20 R
(including 2 DDs),
3 W
(including 1 DD)
21 R,
2 W
8 R,
0 W

Combined Coryat: $20,000

[game clues] [game scores] [suggest correction]

Game tape date: Unknown
The J! Archive is created by fans, for fans. Scraping, republication, monetization, and malicious use prohibited; this site may use cookies and collect identifying information. See terms. The Jeopardy! game show and all elements thereof, including but not limited to copyright and trademark thereto, are the property of Jeopardy Productions, Inc. and are protected under law. This website is not affiliated with, sponsored by, or operated by Jeopardy Productions, Inc. Join the discussion at JBoard.tv.